00317nam a2200121Ia 4500003000400000008004100004020002500045040000800070100002100078245004600099260004000145300001000185LDD181101s9999 xx 000 0 und d a9788175875333c78.00 cLDD aKhan, Mohd Ikram 0aTaleem nazariya aur amalcMohd Ikram Khan aNew DelhibMaktaba Jamia Ltd.c2011 a216p.